Obálka Náhled e-knihy:
PDF Epub
Pro půjčování e-knih musíte být přihlášeni.
Jak si půjčit online?

Čarodějky /

Debora a Táňa jsou dvojčata, přesto jsou každá úplně jiná. Zatímco Táňa je slavná zpěvačka a svůj čas tráví na koncertech či v honosném domě na kraji velkoměsta, Debora žije ve staré chalupě ukryté v lese. Na místě, kde spolu sestry vyrostly a kde ženy jejich rodu – léčitelky i čarodějky – žijí už p...

Celý popis

Uloženo v:
Hlavní autor: Krajčo Babinská, Karin (Autor)
Médium: E-kniha
Jazyk:Czech
Vydáno: Praha : Albatros Media a.s., 2025
Tagy:
Žádné tagy
LEADER 01545nam a22002297i 4500
001 312881
007 ta
008 260601s2025 xr ||||| |||| 00| 0 cze d
020 |a 9788074485909 
044 |a xr 
100 1 |a  Krajčo Babinská, Karin  |4 aut 
245 1 0 |a Čarodějky /  |c  Krajčo Babinská, Karin 
264 1 |a Praha :  |b Albatros Media a.s.,  |c 2025 
300 |a 1 online zdroj (336 stran) 
336 |a text  |b txt  |2 rdacontent 
337 |a bez média  |b n  |2 rdamedia 
338 |a online zdroj  |b cr  |2 rdacarrier 
520 2 |a Debora a Táňa jsou dvojčata, přesto jsou každá úplně jiná. Zatímco Táňa je slavná zpěvačka a svůj čas tráví na koncertech či v honosném domě na kraji velkoměsta, Debora žije ve staré chalupě ukryté v lese. Na místě, kde spolu sestry vyrostly a kde ženy jejich rodu – léčitelky i čarodějky – žijí už po šest generací. Tragédie, při níž Debora málem přijde o život, je přinutí postavit se temné minulosti i svým vlastním stínům. Protože tak jako existuje den, existuje i noc. Jako existuje světlo, existuje i tma. 
910 |a RBIT002 
998 |d 423998  |a https://core.palmknihy.cz/api/books/423998/cover?t63von  |b https://core.palmknihy.cz/api/books/423998/cover/400?t63von  |c https://core.palmknihy.cz/api/books/423998/cover/50?t63von  |e 2031-02-12  |g 336  |i 9788074485909  |j https://core.palmknihy.cz/api/books/423998/preview.epub  |k https://core.palmknihy.cz/api/books/423998/preview.pdf  |l   |q 49  |r 1  |s https://www.palmknihy.cz/kniha/423998  |t ebook  |y 2025  |z 1 
999 |d 312879